[Event "Cary Simpson Memorial 1st"]
[Site "Cary"]
[Date "2014.03.29"]
[Round "2"]
[White "Ashley, Maurice"]
[Black "Mcneill, Jonathon M"]
[Result "1-0"]
[WhiteElo "2446"]
[BlackElo "2008"]
[PlyCount "138"]
[EventDate "2014.03.28"]
[EventType "swiss"]
[EventRounds "1"]
[EventCountry "USA"]
[SourceTitle "EXT 2015"]
[Source "ChessBase"]
[SourceDate "2014.11.20"]
[SourceVersion "1"]
[SourceVersionDate "2014.11.20"]
[SourceQuality "1"]

1. c4 c6 2. e4 d5 3. exd5 cxd5 4. cxd5 Nf6 5. Bb5+ Bd7 6. Bc4 b5 7. Bb3 a5 8. Nf3 g6 9. 0-0 Bg7 10. d6 0-0 11. dxe7 Qxe7 12. d4 Nc6 13. a4 bxa4 14. Bxa4 Nd5 15. Nc3 Nb6 16. Re1 Qb4 17. d5 Nd4 18. Bxd7 Nxf3+ 19. Qxf3 Nxd7 20. Ra4 Rfe8 21. Rf1 Qb3 22. Ra3 Qc4 23. Ra4 Qb3 24. Qd1 Qxd1 25. Rxd1 Nb6 26. Ra3 Bxc3 27. Rxc3 Nxd5 28. Rc5 Nb4 29. g4 Red8 30. Rxd8+ Rxd8 31. Bg5 Ra8 32. Bf6 Kf8 33. Kf1 Ke8 34. Bc3 Kd7 35. Bxb4 axb4 36. Rb5 Kc6 37. Rxb4 Rd8 38. Rf4 Rd7 39. Rf3 Rb7 40. b3 Kd5 41. Re3 Kd4 42. Ke2 Ra7 43. Rd3+ Ke4 44. f3+ Ke5 45. Ke3 g5 46. b4 f5 47. gxf5 Kxf5 48. b5 Ke5 49. b6 Rb7 50. Rb3 Kd5 51. Kd3 Kc6 52. Kc4 Rf7 53. Kd4 Kb7 54. Ke3 Rf4 55. Rb2 Rf5 56. h3 Rf4 57. Rb5 h6 58. Kf2 Rf6 59. Kg3 Rf4 60. Rb3 Rh4 61. Re3 Kxb6 62. Re6+ Kc5 63. f4 Rxf4 64. Rxh6 Kd5 65. Rg6 Rf5 66. Kg4 Ke5 67. Rxg5 Rxg5+ 68. Kxg5 Ke6 69. h4 Kd5 1-0

[Event "Las Vegas National op"]
[Site "Las Vegas"]
[Date "2013.06.08"]
[Round "4"]
[White "Ashley, Maurice"]
[Black "Wolfley, Lawrence"]
[Result "1-0"]
[WhiteElo "2443"]
[BlackElo "2098"]
[PlyCount "101"]
[EventDate "2013.06.07"]
[EventType "swiss"]
[EventRounds "6"]
[EventCountry "USA"]
[SourceTitle "CBM 154 Extra"]
[Source "ChessBase"]
[SourceDate "2013.06.25"]
[SourceVersion "2"]
[SourceVersionDate "2013.06.25"]
[SourceQuality "1"]

1. e4 c5 2. Nf3 d6 3. d4 cxd4 4. Nxd4 Nf6 5. Nc3 g6 6. Be2 Bg7 7. 0-0 0-0 8. Re1 Nc6 9. Nb3 Be6 10. Bf1 Rc8 11. Nd5 a5 12. a4 Bxd5 13. exd5 Nb4 14. c4 Nd7 15. Bg5 Bf6 16. Bxf6 exf6 17. Nd4 Nc5 18. Qd2 Qd7 19. Re3 Rfe8 20. Rh3 Ne4 21. Qf4 Re5 22. Re3 Rce8 23. Rae1 f5 24. Qh4 Nc5 25. b3 Rxe3 26. Rxe3 Rxe3 27. fxe3 Qe8 28. Qg3 Qe5 29. Qf4 f6 30. g3 Ne4 31. Kg2 Ng5 32. h4 Nf7 33. Kf2 Qe4 34. Qxe4 fxe4 35. Bh3 Nd3+ 36. Kg2 f5 37. g4 f4 38. exf4 Nxf4+ 39. Kg3 Nd3 40. Bg2 Nc5 41. Kf4 Ne5 42. Bxe4 Nxe4 43. Kxe4 Nxg4 44. Nb5 Nf6+ 45. Kd4 Ne8 46. c5 dxc5+ 47. Ke5 Kf7 48. Nd6+ Nxd6 49. Kxd6 b5 50. axb5 c4 51. b6 1-0

[Event "Reykjavik op"]
[Site "Reykjavik"]
[Date "2012.03.10"]
[Round "5"]
[White "Ashley, Maurice"]
[Black "Jensson, Einar Hjalti"]
[Result "1/2-1/2"]
[WhiteElo "2452"]
[BlackElo "2245"]
[PlyCount "82"]
[EventDate "2012.03.06"]
[EventType "swiss"]
[EventRounds "9"]
[EventCountry "ISL"]
[SourceTitle "CBM 147 Extra"]
[Source "ChessBase"]
[SourceDate "2012.04.24"]
[SourceVersion "1"]
[SourceVersionDate "2012.04.24"]
[SourceQuality "1"]

1. e4 e6 2. d4 d5 3. exd5 exd5 4. c4 Nf6 5. Nc3 Be7 6. Bd3 0-0 7. Nge2 dxc4 8. Bxc4 a6 9. 0-0 Nc6 10. Re1 b5 11. Bb3 Bb7 12. Be3 Na5 13. Rc1 Rc8 14. Nf4 c5 15. dxc5 Bxc5 16. Bxc5 Rxc5 17. Qxd8 Rxd8 18. Rcd1 Rxd1 19. Bxd1 b4 20. Nce2 Be4 21. f3 Bb1 22. Bb3 Nxb3 23. Rxb1 Na5 24. Kf2 b3 25. axb3 Nxb3 26. Nc3 g5 27. Nfe2 Nd5 28. Rd1 Nb4 29. Rd8+ Kg7 30. g4 h5 31. Ng3 hxg4 32. fxg4 Rc4 33. h3 Nc5 34. Ke3 Nc2+ 35. Ke2 Ne6 36. Nf5+ Kf6 37. Rd5 Rb4 38. Rd2 Rxb2 39. Nd1 Ra2 40. Nc3 Rb2 41. Nd1 Ra2 1/2-1/2

[Event "USA-ch"]
[Site "Seattle"]
[Date "2003.01.13"]
[Round "5"]
[White "Burnett, Ronald"]
[Black "Ashley, Maurice"]
[Result "1-0"]
[WhiteElo "2436"]
[BlackElo "2485"]
[PlyCount "109"]
[EventDate "2003.01.09"]
[EventType "swiss"]
[EventRounds "9"]
[EventCountry "USA"]
[SourceTitle "CBM 093"]
[Source "ChessBase"]
[SourceDate "2003.04.01"]
[SourceVersion "1"]
[SourceVersionDate "2003.04.01"]
[SourceQuality "1"]

1. Nf3 c5 2. c4 g6 3. Nc3 Bg7 4. d4 cxd4 5. Nxd4 Nc6 6. Nb3 Nf6 7. e4 0-0 8. Be3 d6 9. Be2 b6 10. 0-0 Bb7 11. f3 Rc8 12. Rc1 Ne5 13. Nd5 e6 14. Nxf6+ Bxf6 15. Nd4 a6 16. b3 Qe7 17. Qd2 Nd7 18. Rfd1 Rfd8 19. Bf1 Nc5 20. b4 Nd7 21. Nb3 d5 22. exd5 exd5 23. cxd5 Bxd5 24. Bxa6 Ra8 25. Bb5 Bxb3 26. axb3 Nc5 27. Qe1 Nxb3 28. Rb1 Nd4 29. Bd3 Ra2 30. Kh1 Qd6 31. Bc4 Ra3 32. Bf2 Ra7 33. Rd3 Qc6 34. Rc1 Re7 35. Qg1 Qd6 36. Rcd1 Red7 37. Bb5 Nxb5 38. Rxd6 Rxd6 39. Re1 Bc3 40. Rf1 Bd4 41. h4 Bxf2 42. Qxf2 h5 43. g4 hxg4 44. fxg4 R8d7 45. h5 Nd4 46. Ra1 Kg7 47. Rd1 f6 48. Qf4 f5 49. Qe5+ Kh7 50. hxg6+ Rxg6 51. Rxd4 Rxd4 52. Qxd4 fxg4 53. Qd7+ Kg8 54. Kg2 g3 55. Qe7 1-0

[Event "USA-ch"]
[Site "Seattle"]
[Date "2003.01.10"]
[Round "2"]
[White "Ashley, Maurice"]
[Black "Yermolinsky, Alex"]
[Result "1/2-1/2"]
[WhiteElo "2485"]
[BlackElo "2560"]
[PlyCount "129"]
[EventDate "2003.01.09"]
[EventType "swiss"]
[EventRounds "9"]
[EventCountry "USA"]
[SourceTitle "CBM 093"]
[Source "ChessBase"]
[SourceDate "2003.04.01"]
[SourceVersion "1"]
[SourceVersionDate "2003.04.01"]
[SourceQuality "1"]

1. e4 Nf6 2. e5 Nd5 3. d4 d6 4. Nf3 g6 5. exd6 cxd6 6. c4 Nb6 7. Be2 Bg7 8. 0-0 0-0 9. Nc3 Nc6 10. b3 Bg4 11. Be3 d5 12. c5 Nc8 13. b4 a6 14. Rb1 e6 15. a4 N8e7 16. b5 axb5 17. axb5 Bxf3 18. Bxf3 Na5 19. Rb4 Nf5 20. Be2 Nxe3 21. fxe3 Qg5 22. Rf3 Rfd8 23. Ra4 e5 24. e4 exd4 25. Nxd5 Nc6 26. Rxa8 Rxa8 27. bxc6 bxc6 28. Nb6 Ra7 29. Na4 Qe5 30. Bd3 Bh6 31. Qb3 Kg7 32. g3 Be3+ 33. Kg2 h5 34. h4 g5 35. hxg5 Qxg5 36. Bc2 Qg4 37. Bd1 Qxe4 38. Bc2 Qe6 39. Qd3 Qg6 40. Qb3 Qg4 41. Qd3 Qg6 42. Qd1 Qe6 43. Kh2 Qa2 44. Qd3 Rxa4 45. Qh7+ Kf8 46. Qh8+ Ke7 47. Qe5+ Kf8 48. Kh3 Ra7 49. Qb8+ Kg7 50. Bb3 Qb1 51. Qe5+ f6 52. Qxf6+ Kh7 53. Bd1 Qg6 54. Rf5 Qxf6 55. Rxf6 Ra1 56. Bxh5 Rh1+ 57. Kg4 d3 58. Rf7+ Kg8 59. Rd7 d2 60. Bf7+ Kf8 61. Bb3 Rb1 62. Ba4 Bxc5 63. Kf5 Be3 64. Kg6 Ra1 65. Bxc6 1/2-1/2

[Event "USA-ch"]
[Site "Seattle"]
[Date "2003.01.09"]
[Round "1"]
[White "Sagalchik, Olga"]
[Black "Ashley, Maurice"]
[Result "0-1"]
[WhiteElo "2116"]
[BlackElo "2485"]
[PlyCount "76"]
[EventDate "2003.01.09"]
[EventType "swiss"]
[EventRounds "9"]
[EventCountry "USA"]
[SourceTitle "CBM 093"]
[Source "ChessBase"]
[SourceDate "2003.04.01"]
[SourceVersion "1"]
[SourceVersionDate "2003.04.01"]
[SourceQuality "1"]

1. d4 Nf6 2. c4 e6 3. Nc3 Bb4 4. e3 0-0 5. Bd3 c5 6. Nge2 d5 7. a3 Bxc3+ 8. bxc3 dxc4 9. Bxc4 Qc7 10. Bd3 e5 11. 0-0 Nc6 12. Bb1 Rd8 13. Qc2 Be6 14. f4 exd4 15. cxd4 Na5 16. a4 Rac8 17. d5 Bxd5 18. Bb2 Be4 19. Qc3 Bxb1 20. Raxb1 b6 21. Ng3 Qd7 22. Kh1 Ne8 23. e4 Nc6 24. Nf5 Nd4 25. Rbd1 Qe6 26. Ng3 Rd7 27. Qe3 Rcd8 28. Qf2 Nf6 29. e5 Ng4 30. Qg1 Ne2 31. Nxe2 Rxd1 32. Nc3 Rxf1 33. Qxf1 Qb3 34. Ba1 Qc2 35. h4 Rd3 36. Kg1 Rxc3 37. Bxc3 Qxc3 38. Qd1 Qe3+ 0-1

[Event "New York Masters 33rd"]
[Site "New York"]
[Date "2002.11.12"]
[Round "1"]
[White "Shapiro, Daniel E"]
[Black "Ashley, Maurice"]
[Result "0-1"]
[WhiteElo "2314"]
[BlackElo "2477"]
[PlyCount "92"]
[EventDate "2002.11.12"]
[EventType "swiss (rapid)"]
[EventRounds "4"]
[EventCountry "USA"]
[SourceTitle "CBM 091 Extra"]
[Source "ChessBase"]
[SourceDate "2003.01.09"]
[SourceVersion "1"]
[SourceVersionDate "2003.01.09"]
[SourceQuality "1"]

1. d4 Nf6 2. c4 e6 3. g3 c5 4. d5 exd5 5. cxd5 b5 6. Bg2 d6 7. e4 Nbd7 8. f4 Bb7 9. Nh3 g6 10. 0-0 Bg7 11. Nc3 b4 12. Nb5 Qb6 13. Nxd6+ Qxd6 14. e5 Qb6 15. exf6 Bxf6 16. Re1+ Kf8 17. f5 Kg7 18. Qd2 Rhe8 19. Qh6+ Kg8 20. Bg5 Bxb2 21. Rab1 Bg7 22. Qh4 c4+ 23. Kh1 c3 24. Rec1 a5 25. fxg6 hxg6 26. Be7 Qd4 27. Qxd4 Bxd4 28. d6 Bxg2+ 29. Kxg2 Bc5 30. Rc2 Rxe7 31. dxe7 Bxe7 32. Nf4 Nf6 33. a3 g5 34. Nd3 Nd5 35. Kf3 f5 36. axb4 axb4 37. Re2 Ra3 38. Nc1 g4+ 39. Kg2 Bg5 40. Kf2 Bxc1 41. Rxc1 b3 42. Rd1 Ra5 43. Re8+ Kf7 44. Rb8 b2 45. Rf1 Ra1 46. Ke2 Rxf1 0-1

[Event "New York Masters 31st"]
[Site "New York"]
[Date "2002.10.29"]
[Round "4"]
[White "Bonin, Jay R"]
[Black "Ashley, Maurice"]
[Result "0-1"]
[WhiteElo "2407"]
[BlackElo "2477"]
[PlyCount "106"]
[EventDate "2002.10.29"]
[EventType "swiss (rapid)"]
[EventRounds "4"]
[EventCountry "USA"]
[SourceTitle "EXT 2003"]
[Source "ChessBase"]
[SourceDate "2002.11.25"]
[SourceVersion "1"]
[SourceVersionDate "2002.11.25"]
[SourceQuality "1"]

1. d4 d6 2. Nf3 Bg4 3. e4 Nf6 4. h3 Bh5 5. Nc3 e6 6. g4 Bg6 7. Qe2 Be7 8. h4 h5 9. g5 Nfd7 10. Bh3 0-0 11. Be3 a6 12. Nd2 e5 13. dxe5 dxe5 14. 0-0-0 c6 15. Nf1 b5 16. Ng3 a5 17. Rxd7 Nxd7 18. Rd1 a4 19. Rxd7 Qa5 20. Nd1 Rfe8 21. Bf5 a3 22. b3 Rad8 23. Bd2 Qb6 24. Bc3 Rxd7 25. Bxd7 Rd8 26. Bf5 Qc5 27. Ba1 Qd6 28. Ne3 Bf8 29. Bc3 Qc5 30. Bd2 Qd4 31. c3 Qd6 32. Nef1 Qc5 33. b4 Qd6 34. Bh3 c5 35. bxc5 Qxc5 36. Nxh5 b4 37. Nhg3 bxc3 38. Be3 Qb4 39. h5 Rd2 40. Qxd2 cxd2+ 41. Bxd2 Qb2+ 42. Kd1 Qxa2 43. hxg6 Qb3+ 44. Ke2 a2 45. gxf7+ Kxf7 46. g6+ Ke8 47. Ne3 a1Q 48. Ngf5 Qaa2 49. Nd5 Qc4+ 50. Ke3 Qa3+ 51. Bc3 Qaxc3+ 52. Nxc3 Qxc3+ 53. Ke2 Qxh3 0-1

[Event "New York Masters 27th"]
[Site "New York"]
[Date "2002.10.01"]
[Round "3"]
[White "Stripunsky, Alexander"]
[Black "Ashley, Maurice"]
[Result "1-0"]
[WhiteElo "2546"]
[BlackElo "2477"]
[PlyCount "73"]
[EventDate "2002.10.01"]
[EventType "swiss (rapid)"]
[EventRounds "4"]
[EventCountry "USA"]
[SourceTitle "EXT 2003"]
[Source "ChessBase"]
[SourceDate "2002.11.25"]
[SourceVersion "1"]
[SourceVersionDate "2002.11.25"]
[SourceQuality "1"]

1. Nf3 c5 2. g3 Nc6 3. Bg2 g6 4. 0-0 Bg7 5. e4 e5 6. a3 Nge7 7. d3 0-0 8. c3 d6 9. b4 h6 10. Nbd2 Be6 11. Re1 Qc7 12. b5 Nb8 13. a4 a6 14. Rb1 axb5 15. axb5 Nd7 16. Nc4 b6 17. Nfd2 Ra7 18. Qc2 Kh8 19. Bb2 f5 20. Ra1 Rxa1 21. Rxa1 d5 22. Ne3 fxe4 23. dxe4 d4 24. Nec4 Nc8 25. Ra8 Nd6 26. Rxf8+ Bxf8 27. Qa4 Nxc4 28. Nxc4 Kh7 29. Bf1 Bg7 30. Qa8 Bxc4 31. Bxc4 Nf6 32. h4 Qd6 33. cxd4 cxd4 34. Ba3 Qd7 35. Qc6 Qg4 36. Be7 Qxe4 37. Bxf6 1-0

[Event "World op 30th"]
[Site "Philadelphia"]
[Date "2002.06.29"]
[Round "1"]
[White "Wright, William"]
[Black "Ashley, Maurice"]
[Result "0-1"]
[WhiteElo "2186"]
[BlackElo "2473"]
[PlyCount "42"]
[EventDate "2002.06.29"]
[EventType "swiss"]
[EventRounds "9"]
[EventCountry "USA"]
[SourceTitle "CBM 089 Extra"]
[Source "ChessBase"]
[SourceDate "2002.09.10"]
[SourceVersion "2"]
[SourceVersionDate "2002.09.10"]
[SourceQuality "1"]

1. d4 Nf6 2. c4 e6 3. Nc3 Bb4 4. Qc2 0-0 5. Nf3 c5 6. dxc5 Na6 7. a3 Bxc3+ 8. Qxc3 Nxc5 9. b4 Nce4 10. Qd4 d6 11. Nd2 e5 12. Qe3 Nxd2 13. Bxd2 Re8 14. Qd3 Be6 15. e4 Rc8 16. Rc1 Re7 17. Rc3 Rec7 18. Qc2 b5 19. c5 dxc5 20. bxc5 Qd4 21. Bxb5 Nxe4 0-1

[Event "Foxwoods op 04th"]
[Site "Connecticut"]
[Date "2002.03.31"]
[Round "6"]
[White "Ashley, Maurice"]
[Black "Christiansen, Larry Mark"]
[Result "1-0"]
[WhiteElo "2486"]
[BlackElo "2571"]
[PlyCount "99"]
[EventDate "2002.03.28"]
[EventType "swiss"]
[EventRounds "7"]
[EventCountry "USA"]
[SourceTitle "CBM 087 Extra"]
[Source "ChessBase"]
[SourceDate "2002.05.03"]
[SourceVersion "2"]
[SourceVersionDate "2002.08.09"]
[SourceQuality "1"]

1. e4 g6 2. d4 Bg7 3. Nc3 c6 4. Nf3 d5 5. h3 Nf6 6. Bd3 dxe4 7. Nxe4 Nxe4 8. Bxe4 Bf5 9. Bxf5 Qa5+ 10. c3 Qxf5 11. 0-0 Nd7 12. Re1 e6 13. Nd2 0-0 14. Nc4 Qd5 15. Ne3 Qd6 16. Qf3 Rae8 17. b3 c5 18. Qxb7 cxd4 19. cxd4 Bxd4 20. Rd1 Rd8 21. Qxa7 Bxa7 22. Rxd6 Nf6 23. Rxd8 Rxd8 24. Bb2 Ne4 25. Rd1 Ra8 26. Bd4 Bxd4 27. Rxd4 Nc3 28. Rc4 Nxa2 29. Ra4 Rxa4 30. bxa4 Nb4 31. Kf1 Kf8 32. Ke2 Ke7 33. Nc4 f6 34. Kd2 Kd7 35. Kc3 Nd5+ 36. Kd4 Kc6 37. Ne3 e5+ 38. Kc4 Nf4 39. h4 h5 40. a5 g5 41. g3 Nh3 42. g4 gxh4 43. gxh5 Nxf2 44. h6 Ne4 45. Nf5 Ng5 46. Nxh4 Nh7 47. Nf5 Ng5 48. Ne7+ Kb7 49. Kb5 e4 50. a6+ 1-0

[Event "US Open-102"]
[Site "Framingham"]
[Date "2001.08.11"]
[Round "8"]
[White "Del Mundo, Anton Paolo C"]
[Black "Ashley, Maurice"]
[Result "1/2-1/2"]
[WhiteElo "2207"]
[BlackElo "2504"]
[PlyCount "65"]
[EventDate "2001.08.04"]
[EventType "swiss"]
[EventRounds "9"]
[EventCountry "USA"]
[SourceTitle "CBM 083 Extra"]
[Source "ChessBase"]
[SourceDate "2001.09.11"]
[SourceVersion "1"]
[SourceVersionDate "2001.09.11"]
[SourceQuality "1"]

1. d4 g6 2. Nf3 Bg7 3. c4 d6 4. Nc3 Bg4 5. e4 Nc6 6. d5 Nd4 7. Be2 Nxe2 8. Qxe2 c6 9. h3 Bxf3 10. Qxf3 Rc8 11. 0-0 Nf6 12. Bd2 0-0 13. Rac1 a6 14. Rfd1 Nd7 15. Qe2 Re8 16. Be3 Qa5 17. Bd4 Bf8 18. a3 c5 19. Be3 Rb8 20. f4 b5 21. cxb5 axb5 22. e5 b4 23. axb4 cxb4 24. Ne4 dxe5 25. fxe5 Nxe5 26. Bf4 Bg7 27. Nf2 Qb5 28. Qe4 f6 29. Bxe5 fxe5 30. Nd3 e6 31. Nxe5 Rbd8 32. Nc6 exd5 33. Qxb4 1/2-1/2

[Event "US Open-102"]
[Site "Framingham"]
[Date "2001.08.09"]
[Round "6"]
[White "Mulyar, Michael A"]
[Black "Ashley, Maurice"]
[Result "1-0"]
[WhiteElo "2430"]
[BlackElo "2504"]
[PlyCount "41"]
[EventDate "2001.08.04"]
[EventType "swiss"]
[EventRounds "9"]
[EventCountry "USA"]
[SourceTitle "CBM 083 Extra"]
[Source "ChessBase"]
[SourceDate "2001.09.11"]
[SourceVersion "1"]
[SourceVersionDate "2001.09.11"]
[SourceQuality "1"]

1. e4 c5 2. Nf3 d6 3. d4 cxd4 4. Nxd4 Nf6 5. Nc3 a6 6. Be3 e6 7. f3 b5 8. Qd2 Nbd7 9. g4 Nb6 10. 0-0-0 Bb7 11. Kb1 Nfd7 12. Bg5 Qc8 13. Qf2 b4 14. Nce2 d5 15. Ng3 Qc7 16. Bd3 Ne5 17. Rhe1 Nxd3 18. Rxd3 Bc5 19. Nh5 0-0 20. Bf6 gxf6 21. Qd2 1-0

[Event "World op 29th"]
[Site "Philadelphia"]
[Date "2001.07.04"]
[Round "1"]
[White "Strenzwilk, Denis"]
[Black "Ashley, Maurice"]
[Result "0-1"]
[WhiteElo "2170"]
[BlackElo "2484"]
[PlyCount "98"]
[EventDate "2001.06.30"]
[EventType "swiss"]
[EventRounds "9"]
[EventCountry "USA"]
[SourceTitle "EXT 2002"]
[Source "ChessBase"]
[SourceDate "2001.11.25"]
[SourceVersion "1"]
[SourceVersionDate "2001.11.25"]
[SourceQuality "1"]

1. b3 Nf6 2. Bb2 e6 3. e3 c5 4. Nf3 Be7 5. Be2 0-0 6. 0-0 b6 7. c4 Bb7 8. Nc3 d5 9. cxd5 exd5 10. d4 Nbd7 11. dxc5 bxc5 12. Rc1 Rc8 13. Rc2 Bd6 14. Nb5 Bb8 15. Qa1 a6 16. Nc3 d4 17. Nd1 Qc7 18. g3 d3 19. Bxd3 Bxf3 20. Bxa6 Rcd8 21. Nc3 Ba8 22. f3 Ne5 23. Be2 Qe7 24. e4 h5 25. Na4 h4 26. Nxc5 hxg3 27. hxg3 Rc8 28. b4 Nc6 29. a3 Nh5 30. f4 Nxg3 31. Bxg7 Qh4 32. Bf3 f6 33. Bxf8 Nxf1 34. Qxf1 Bxf4 35. Rg2+ Kh8 36. Qe2 Rxf8 37. Ne6 Rg8 38. Rxg8+ Kxg8 39. Nxf4 Qxf4 40. b5 Ne5 41. Bg2 Qc1+ 42. Kh2 Qxa3 43. Qh5 Kg7 44. Qe2 Bb7 45. Bh3 Nf3+ 46. Kg2 Ng5 47. Bf5 Qb4 48. Kg3 Nxe4+ 49. Bxe4 Qxe4 0-1

[Event "Foxwoods op 03rd"]
[Site "Connecticut"]
[Date "2001.04.14"]
[Round "5"]
[White "Yermolinsky, Alex"]
[Black "Ashley, Maurice"]
[Result "1/2-1/2"]
[WhiteElo "2574"]
[BlackElo "2484"]
[PlyCount "51"]
[EventDate "2001.04.12"]
[EventType "swiss"]
[EventRounds "7"]
[EventCountry "USA"]
[SourceTitle "CBM 081 Extra"]
[Source "ChessBase"]
[SourceDate "2001.05.06"]
[SourceVersion "1"]
[SourceVersionDate "2001.05.06"]
[SourceQuality "1"]

1. d4 Nf6 2. Nf3 d5 3. c4 e6 4. Nc3 Be7 5. Bg5 h6 6. Bh4 0-0 7. e3 b6 8. Rc1 Bb7 9. cxd5 Nxd5 10. Nxd5 Bxd5 11. Bxe7 Qxe7 12. Be2 Rc8 13. 0-0 c5 14. dxc5 Rxc5 15. Rxc5 Qxc5 16. Qa4 Bc6 17. Qf4 Nd7 18. b4 Qf8 19. Ba6 Bxf3 20. Qxf3 Nf6 21. a3 Rd8 22. Rc1 Qd6 23. g3 Qd2 24. Rc7 Rd7 25. Qa8+ Kh7 26. Rxd7 1/2-1/2

[Event "Foxwoods op 03rd"]
[Site "Connecticut"]
[Date "2001.04.13"]
[Round "3"]
[White "Ashley, Maurice"]
[Black "Ibragimov, Ildar"]
[Result "1/2-1/2"]
[WhiteElo "2484"]
[BlackElo "2578"]
[PlyCount "55"]
[EventDate "2001.04.12"]
[EventType "swiss"]
[EventRounds "7"]
[EventCountry "USA"]
[SourceTitle "CBM 081 Extra"]
[Source "ChessBase"]
[SourceDate "2001.05.06"]
[SourceVersion "1"]
[SourceVersionDate "2001.05.06"]
[SourceQuality "1"]

1. e4 e5 2. Nf3 Nc6 3. Bb5 a6 4. Ba4 Nf6 5. 0-0 Be7 6. Re1 b5 7. Bb3 d6 8. c3 0-0 9. h3 Re8 10. d4 Bb7 11. Nbd2 Bf8 12. d5 Nb8 13. Nf1 Nbd7 14. N3h2 Nc5 15. Bc2 c6 16. b4 Ncd7 17. dxc6 Bxc6 18. Ng4 Nxg4 19. hxg4 Nf6 20. Ne3 d5 21. exd5 Nxd5 22. Nxd5 Qxd5 23. Qxd5 Bxd5 24. Bb3 Bxb3 25. axb3 Rac8 26. Bd2 Rc6 27. f3 g6 28. Ra2 1/2-1/2

[Event "Las Vegas National op"]
[Site "Las Vegas"]
[Date "2001.03.11"]
[Round "5"]
[White "Zaremba, Andrie"]
[Black "Ashley, Maurice"]
[Result "0-1"]
[WhiteElo "2293"]
[BlackElo "2484"]
[PlyCount "90"]
[EventDate "2001.03.09"]
[EventType "swiss"]
[EventRounds "6"]
[EventCountry "USA"]
[SourceTitle "CBM 081 Extra"]
[Source "ChessBase"]
[SourceDate "2001.05.06"]
[SourceVersion "1"]
[SourceVersionDate "2001.05.06"]
[SourceQuality "1"]

1. d4 Nf6 2. Nf3 e6 3. g3 c5 4. c3 d5 5. Bg2 Nc6 6. 0-0 Bd6 7. Bf4 0-0 8. Bxd6 Qxd6 9. Nbd2 Bd7 10. Re1 cxd4 11. cxd4 Rfc8 12. e4 dxe4 13. Nxe4 Nxe4 14. Rxe4 Be8 15. Ne5 Rd8 16. Nc4 Qd7 17. Ne5 Qd6 18. Nc4 Qd7 19. Ne5 Qe7 20. Rc1 Qb4 21. Nd3 Qb6 22. Nc5 Qxb2 23. Rb1 Qxa2 24. Rxb7 Qc4 25. Qg4 Qc1+ 26. Bf1 Nxd4 27. Nd3 Qc6 28. Re7 Nf5 29. Rc4 Qb6 30. Rec7 Rd4 31. Qf3 Rad8 32. Rb7 Qd6 33. Rcc7 a5 34. Nf4 Rd1 35. Kg2 Rb1 36. Ra7 Nd4 37. Qg4 Rxf1 38. Kxf1 Nb5 39. Nh5 Qd3+ 40. Kg2 Qd5+ 41. f3 Qd2+ 42. Kh3 Qh6 43. Rc5 Nxa7 44. Rg5 f6 45. Qxe6+ Kf8 0-1

[Event "Continental op 45'"]
[Site "Los Angeles"]
[Date "2000.07.30"]
[Round "9"]
[White "Ashley, Maurice"]
[Black "Smirin, Ilia"]
[Result "0-1"]
[WhiteElo "2482"]
[BlackElo "2677"]
[PlyCount "46"]
[EventDate "2000.07.24"]
[EventType "swiss"]
[EventRounds "9"]
[EventCountry "USA"]
[SourceTitle "EXT 2001"]
[Source "ChessBase"]
[SourceDate "2000.11.22"]
[SourceVersion "1"]
[SourceVersionDate "2000.11.22"]
[SourceQuality "1"]

1. e4 c5 2. Nf3 e6 3. d4 cxd4 4. Nxd4 a6 5. Nc3 b5 6. Bd3 Qb6 7. Nf3 Nc6 8. e5 Qb8 9. Bf4 f5 10. Qe2 Nge7 11. h3 Nb4 12. 0-0 Bb7 13. Rfd1 Nxd3 14. Qxd3 Qc7 15. a3 h6 16. Nd4 Qc4 17. Qg3 g5 18. b3 Qc5 19. Bc1 Bg7 20. f4 Rg8 21. b4 Qc7 22. Nce2 gxf4 23. Bxf4 Bh8 0-1

[Event "Continental op 45'"]
[Site "Los Angeles"]
[Date "2000.07.30"]
[Round "8"]
[White "Sadvakasov, Darmen"]
[Black "Ashley, Maurice"]
[Result "1/2-1/2"]
[WhiteElo "2509"]
[BlackElo "2482"]
[PlyCount "133"]
[EventDate "2000.07.24"]
[EventType "swiss"]
[EventRounds "9"]
[EventCountry "USA"]
[SourceTitle "EXT 2001"]
[Source "ChessBase"]
[SourceDate "2000.11.22"]
[SourceVersion "1"]
[SourceVersionDate "2000.11.22"]
[SourceQuality "1"]

1. e4 c5 2. Nf3 d6 3. d4 cxd4 4. Nxd4 Nf6 5. Nc3 a6 6. Be2 e5 7. Nb3 Be7 8. Be3 0-0 9. g4 Be6 10. g5 Nfd7 11. Qd2 a5 12. Bb5 Na6 13. 0-0-0 Nb6 14. Kb1 Nc4 15. Bxc4 Bxc4 16. Na4 b5 17. Nb6 Rb8 18. Qxa5 Nc7 19. Nc1 Be6 20. Qd2 Bg4 21. h4 Bxd1 22. Rxd1 f5 23. gxf6 Rxf6 24. h5 Qe8 25. Qc3 Bd8 26. Rh1 h6 27. Nd3 Rf3 28. Ne1 Rf7 29. Nd3 Bg5 30. Nb4 Bxe3 31. Qxe3 Qe6 32. N6d5 Nxd5 33. Nxd5 Rbf8 34. Qb3 Rxf2 35. Rc1 Kh7 36. Qxb5 Qg4 37. Qd3 Qxh5 38. a4 R2f3 39. Qc4 Qh3 40. a5 Rf1 41. Rxf1 Rxf1+ 42. Ka2 Qh1 43. Kb3 Ra1 44. a6 h5 45. Kb4 Qb1 46. Kb5 Qxb2+ 47. Nb4 Qd4 48. Qxd4 exd4 49. Nc6 h4 50. Na5 h3 51. a7 h2 52. a8Q h1Q 53. Qd5 Qh6 54. Nc4 Rb1+ 55. Kc6 Rc1 56. Nxd6 Rxc2+ 57. Kd7 Qh3+ 58. Kd8 d3 59. e5 Qh4+ 60. Kd7 d2 61. Qd3+ g6 62. Qxc2 Qg4+ 63. e6 d1Q 64. Qxd1 Qxd1 65. e7 Qa4+ 66. Kc7 Qa7+ 67. Kd8 1/2-1/2

[Event "World op 28th"]
[Site "Philadelphia"]
[Date "2000.07.30"]
[Round "3"]
[White "Vigorito, David"]
[Black "Ashley, Maurice"]
[Result "1/2-1/2"]
[WhiteElo "2297"]
[BlackElo "2499"]
[PlyCount "54"]
[EventDate "2000.06.28"]
[EventType "swiss"]
[EventRounds "9"]
[EventCountry "USA"]
[SourceTitle "EXT 2001"]
[Source "ChessBase"]
[SourceDate "2000.11.22"]
[SourceVersion "1"]
[SourceVersionDate "2000.11.22"]
[SourceQuality "1"]

1. c4 c5 2. Nf3 Nc6 3. Nc3 e5 4. g3 g6 5. Bg2 Bg7 6. d3 Nge7 7. Nd2 d6 8. Nf1 Rb8 9. Ne3 a6 10. a4 0-0 11. 0-0 b6 12. Rb1 Nb4 13. Bd2 Bb7 14. Ned5 Nexd5 15. Nxd5 Nxd5 16. Bxd5 Bxd5 17. cxd5 a5 18. e4 f5 19. f3 Rf7 20. Qb3 f4 21. g4 Bf6 22. Kh1 b5 23. axb5 Rfb7 24. Bc3 Rxb5 25. Qa4 Qd7 26. Ra1 Bd8 27. Ra3 Qe7 1/2-1/2

[Event "Continental op 45'"]
[Site "Los Angeles"]
[Date "2000.07.28"]
[Round "5"]
[White "Ashley, Maurice"]
[Black "Van Buskirk, Charles Anthony"]
[Result "1-0"]
[WhiteElo "2482"]
[BlackElo "2307"]
[PlyCount "59"]
[EventDate "2000.07.24"]
[EventType "swiss"]
[EventRounds "9"]
[EventCountry "USA"]
[SourceTitle "EXT 2001"]
[Source "ChessBase"]
[SourceDate "2000.11.22"]
[SourceVersion "1"]
[SourceVersionDate "2000.11.22"]
[SourceQuality "1"]

1. e4 c5 2. Nf3 d6 3. d4 cxd4 4. Nxd4 Nf6 5. Nc3 Nc6 6. Bg5 e6 7. Qd2 Be7 8. 0-0-0 0-0 9. f4 Nxd4 10. Qxd4 Qa5 11. Bc4 Bd7 12. e5 dxe5 13. fxe5 Bc6 14. Bd2 Nd7 15. Nd5 Qd8 16. Nxe7+ Qxe7 17. Rhe1 Nb6 18. Bf1 Rfd8 19. Qg4 Qc5 20. Bh6 Rxd1+ 21. Kxd1 g6 22. Bd3 Bb5 23. Bxb5 Qxb5 24. Kc1 Rc8 25. Qe2 Qa4 26. Qf2 Nd5 27. Rf1 Rc7 28. Rd1 Qe4 29. c3 b5 30. Qf6 1-0